Programming languages

Saved in:
Bibliographic Details
Format: Book
Published: New York McGraw-Hill Book Company 1986
Series:McGraw-Hill computer science series
Subjects:
Tags: Add Tag
No Tags, Be the first to tag this record!
Call Number :QA 76.7 T8 1986

MARC

LEADER 00000pam a2200000 4500
001 35961
003 MY-KLNDU
005 20241218090854.0
020 0 0 |a 0070666172 
035 |a 0000023814 
039 9 |y 200910091614  |z VLOAD 
090 0 0 |a QA 76.7  |b T8 1986 
100 1 0 |h Tucker  |h Allen B 
245 1 0 |a Programming languages  |c Allen B. Tucker 
260 0 0 |a New York  |b McGraw-Hill Book Company  |c 1986 
300 |a xvii,590p.  |b ill.  |c 22cm 
440 0 0 |a McGraw-Hill computer science series 
500 0 0 |a Includes bibliographies and index 
650 0 0 |a Programming languages  |x Electronic computers 
999 |a vtls000026064  |c 35961  |d 35961